000 00351pab a2200145 454500
008 180718b1987 xxu||||| |||| 00| 0 eng d
100 _aRangasami, Amrita
245 _aFamina
_bThe anthropoligical account
260 _c1987
300 _a1413-14
362 _a15 Aug.
650 _aDrought
773 _aEconomic and Political Weekly
909 _a7412
999 _c7412
_d7412